01213nam a2200313 a 4500001001000000003000400010005001700014008004100031020001500072040002500087082002700112100003700139245003100176250001200207260004200219300002100261490002200282520014500304590002700449650004800476650005400524651005400578651004200632830002800674910004100702942001400743952012500757999001700882000016880OSt20260527074041.0100312s2005 dr 000 0 spa d a9945406280 aDO-SdBNPbspacBNPHU a324.27293bB742p, 20051 a Bosch, Juan, d1909-200197655513aEl P. L. D. /cJuan Bosch. a2a. ed. aSanto Domingo :bAlfa y Omega,c2005. a326 p. ;c21 cm.1 aEstudios sociales aEl contenido de esta obra "se ha formado con los folletos escritos para los círculos de estudio del Partido de la Liberación Dominicana" aInventariado, 2019/MFF 4aPartido de la Liberación Dominicana91909 0aPartidos políticoszRepública Dominicana9285 0aRepública DominicanaxPolítica y gobierno945 4aRepública DominicanaxHistoria9170 0aEstudios sociales97147 aValidado. Control de calidad MMOLINA 2ddccLBS1 0010718PDaPDbPDcHDd2010-03-12iLF1l0o324.27293 B742p, 2005p16880-10r2020-06-25w2020-06-25yLFPDZNo se presta c16412d16412